000 00763cab a2200253 4500
001 X807
008 090401t1993 xxu||||| |||| 00| 0 eng d
035 _a(Sirsi) u67543
041 _aeng
245 _aEnvironmental factors: contamination and valuation
260 _c1993
350 _a0
490 _aCS Monthly : Rural Practice
_v2(9) June 1993, 2(1)
520 _aNotes the proposed RICS valuation guidance for contaminated land published at CSM General Practice Bulletin March 1993 p2-4(3) (record X808)
650 _aCONTAMINATED LAND
650 _aDRAFT GUIDANCE
650 _aRICS
650 _aVALUATION ISSUES
650 _aVALUE
690 _aENVIRONMENTAL AND LAND CONSULTANCY
690 _aLAND
942 _n0
948 _c04/03/1997
999 _c42261
_d42261